Quiz o Kłobucku - Statystyki

Ogólne statystyki
  • Ten quiz został rozwiązany 20 razy
    15 od ostatniego zresetowania
  • Średni wynik to 9 z 18
Statystyki odpowiedzi
Podpowiedź Odpowiedź % Poprawnych
Województwo, w którym leży miasto Śląskie
100%
Tablice rejestracyjne SKL
91%
Miasto znajdujące się kilka kilometrów od niego Częstochowa
73%
Do jakich zaborów należał Kłobuck? Pruski
55%
Rosyjski
55%
Wieki, w których nadawano miastu prawa miejskie XIII
55%
Urodzony tutaj poseł na Sejm RP oraz wiceminister edukacji Henryk Kiepura
45%
Burmistrz miasta Jerzy Zakrzewski
45%
Region historyczny, na którym leży miasto Małopolska
45%
XIV
45%
Osiedle w Kłobucku, w którym znajduje się pałac z końca XVIII w. Zagórze
45%
Nazwa tutejszego zalewu Zakrzew
45%
Nazwa klubu piłkarskiego Znicz Kłobuck
45%
Jak nazywa się słynny kronikarz, który był tutejszym proboszczem? Jan Długosz
36%
Rzeka, która przepływa przez miasto Biała Oksza
27%
Jak nazywa się góra z wieżą widokową na to miasto? Dębowa Góra
27%
Czapka, która znajduje się na herbie miasta Kłobuk
27%
Najważniejszy zabytek Kłobucka, zbudowany w stylu eklektycznym Kościół św. Marcina i Małgorzaty
0%
Nie znaleziono quizów pasujących do podanych kryteriów
Rozkład punktacji
Procent ludzi z każdym wynikiem
Percentyl według liczby udzielonych odpowiedzi
Twoja historia wyników
Nie rozwiązałeś tego quizu od ostatniego zresetowania